Загрузка...

Occupational Terms

Библиографические подробности
Главный автор: Pillay Sivakumari
Формат: Ph.D Thesis
Опубликовано: Kariavattom Department of Linguistics, University of Kerala 1973
Предметы:
LEADER 00522nam a2200181 4500
020
082 |a 407 HAZ 
100 |a Pillay Sivakumari 
245 |a Occupational Terms  |h English 
250
260 |a Kariavattom  |b Department of Linguistics, University of Kerala  |c 1973 
300 |a 96 P  |f Book 
500 |a MA 
650 |a Occupational Terms 
700
942 |c THES 
999 |c 269753  |d 269753 
952 |0 0  |1 0  |4 0  |6 407_000000000000000_HAZ  |7 0  |9 286472  |a LIN  |b LIN  |d 2008-10-31  |l 0  |o 407 HAZ  |p LINT337  |r 2020-02-06  |w 2020-02-06  |y THES